000 00783nam a2200193 a 4500
001 000036552
005 20200930075808.0
008 120120s1979 mx a 000 0 spa d
040 _aDO-SdBNP
_bspa
_cBNPHU
100 1 _aHowel, Williams
_962808
240 1 0 _aPetrography-an introduccition to the study of rocks in thin sections
245 1 0 _aPetrografía :
_bintruducción al estudio de las rocas en secciones delgadas /
_cHowel Williams, Francis J. Turner y Charles M. Gilbert ; traductor José Manuel López Rubio.
260 _aMéxico :
_bContinental Editorial,
_c1979.
300 _a430 p. :
_bil. ;
_c23 cm.
500 _asegunda reimpresión
700 1 2 _aTurner, Francis J.
_962809
700 1 2 _aGilbert, Charles M.
_962810
700 1 2 _aLópez Rubio, José Manuel
_vtr.
_962811
999 _c36043
_d36043